000 00941nmc a2200373 a 4500
003 AR-Y00000XR
005 20251128211932.0
008 297020s2001 ||||||||||||||000 | spa||
040 _cAR-Y00000XR
100 1 _aMartins, Wilson
245 1 0 _aHistória da inteligencia brasileira
260 _aSão Paulo
_bT.A. Queiroz
_c2001
300 0 _a7 v.
490 0 _aCoroa vermelha [estudos brasileiros]
_vv. 23 A-F
500 0 _aDiferentes ediciones
505 _t1550-1794
505 _t1794-1855
505 _t1855-1877
505 _t1877-1896
505 _t1897-1914
505 _t1915-1933
505 _t1933-1960
650 4 _aHISTORIA CULTURAL
650 4 _aINTELECTUALES
650 4 _aVIDA LITERARIA
650 4 _aESCRITORES
650 4 _aVIDA POLITICA
650 4 _aSIGLO CATORCE
650 4 _aSIGLO VEINTE
651 4 _aBrasil
653 0 _aHISTORIA BRASILENA
942 _cBK
998 _cme-solo cat
999 _c21689
_d21689